Представление документа в формате MARC21

ПолеНазваниеЗначение
  Тип записи a
  Библиографический уровень m
001 Контрольный номер RU\infra-m\znanium\bibl\2225721
005 Дата корректировки 20260429142111.8
008 Кодируемые данные 251103s2025 RU g rus u
020 Индекс ISBN __
a ISBN 978-5-9729-2352-6
040 Источник каталогиз. __
a Служба первич. каталог. Общество с ограниченной ответственностью «ЗНАНИУМ»
041 Код языка издания __
a Код языка текста rus
044 Код страны публикации __
a Код страны публикации RU
080 Индекс УДК __
a Индекс УДК 656
084 Индекс другой классификации/Индекс ББК __
2 Источник индекса rubbk
a Индекс другой классификации/Индекс ББК 393
084 Индекс другой классификации/Индекс ББК __
2 Источник индекса okso
a Индекс другой классификации/Индекс ББК 23.05.01
100 Автор __
a Автор Цыганков Д.В.
q Полное имя Цыганков Дмитрий Владимирович
u Дополнение Кузбасский государственный технический университет имени Т. Ф. Горбачева
245 Заглавие __
a Заглавие Технологический расчет автотранспортных предприятий
b Продолж. заглавия Учебное пособие
c Ответственность Кузбасский государственный технический университет имени Т. Ф. Горбачева
250 Сведения об издании __
a Основные сведения об издании 1
260 Выходные данные __
a Место издания Вологда
b Издательство Инфра-Инженерия
c Дата издания 2025
300 Физическое описание __
a Объем 104 с.
520 Аннотация __
a Аннотация Приведена методика и элементы расчета автотранспортных предприятий. Показан расчет производственной программы по техническому обслуживанию и ремонту автомобилей расчет объемов работ и количества производственных рабочих в подразделениях производства расчет площадей помещений. Для студентов преподавателей и специалистов занимающихся вопросами эксплуатации автомобильного транспорта.
521 Примеч. о цел. назн. __
a Примеч. о целев. назн. ВО - Специалитет
650 Тематические рубрики __
a Основная рубрика Транспорт
x Основная подрубрика Автомобильный транспорт
655 Указ. предметных рубрик (устаревшее) __
a Жанр/ форма (устаревшее) Учебное пособие
700 Другие авторы __
a Другие авторы Кульпин А.Г.
q Полное имя Кульпин Александр Геннадьевич
u Дополнение Кузбасский государственный технический университет имени Т. Ф. Горбачева
700 Другие авторы __
a Другие авторы Кудреватых А.В.
q Полное имя Кудреватых Андрей Валерьевич
u Дополнение Кузбасский государственный технический университет имени Т. Ф. Горбачева
856 Электронный адрес документа 4_
a Имя сервера/домена znanium.ru
m Помощь ebs_support@infra-m.ru
n Местонахождение сервера НИЦ ИНФРА-М
u URL https://znanium.ru/catalog/document?id=469426
856 Электронный адрес документа 48
a Имя сервера/домена znanium.ru
d Путь /cover/2225
f Электронное имя 2225721.jpg
q Тип электронного формата image/jpeg
u URL https://znanium.ru/cover/2225/2225721.jpg
911 __
u 0030=https://znanium.ru/catalog/document?id=469426